Mixed Word: One Name Celebrities Quiz Stats

Quiz Updated Oct 23, 2017

Challenge
Share
Tweet
Embed
Score 0/28 Timer 03:00
2 Plays Today
Mixed Word Name % Correct
EILVSElvis
97.6%
RECHCher
95.9%
OBNOBono
95.5%
KECBBeck
89.8%
BÉCEYONBeyoncé
78.2%
EELPPele
78.2%
ISNTGSting
77.9%
BYOMMoby
77.7%
PHRAOOprah
74.3%
CEPRINPrince
70.9%
$HAKEKe$ha
67.8%
YTGWIGTwiggy
62%
ANNIYYanni
55%
IBOAFFabio
53.5%
Mixed Word Name % Correct
NEMMIEEminem
49.2%
JBROKBjork
49%
OOIKSNSnooki
48.7%
KAIRASHShakira
47.2%
YANEEnya
46.4%
RNNAIAHRihanna
41.6%
SHSALSlash
41.2%
RSHUEUsher
36%
TIAANSHAshanti
35.4%
IHINDOUHoudini
27.9%
CROAHCharo
20.2%
CRDISALULudacris
15.9%
IELSSALassie
10.8%
ABECRELILiberace
10.1%

You're not logged in!

Compare scores with friends on all Sporcle quizzes.
Sign Up with Email
OR
Log In

You Might Also Like...

Show Comments

Extras

Top Quizzes Today


Score Distribution

Your Account Isn't Verified!

In order to create a playlist on Sporcle, you need to verify the email address you used during registration. Go to your Sporcle Settings to finish the process.